000
00218 a2200097 4500
020
_a
9789364879873
100
_a
Prabhavarma
245
_a
Shadkalam(ഷഡ്കാലം)
260
_b
D C books
_c
2024
942
_c
OO
999
_c
115323
_d
115322